[Event "14th Poti Open-A 2019"]
[Site "Poti"]
[Date "2019.07.20"]
[Round "9.7"]
[White "Hayrapetyan, Hovik"]
[Black "Gvetadze, Sofio"]
[Result "1-0"]
[WhiteElo "2465"]
[BlackElo "2316"]
[Annotator "TA"]
[PlyCount "75"]
[EventDate "2019.07.13"]
[EventType "swiss"]
[EventCountry "GEO"]
[SourceTitle "playchess.com"]
[Source "ChessBase"]
[SourceQuality "1"]

{[%evp 14,75,45,26,21,27,47,30,41,0,1,4,10,-4,0,0,0,-32,-33,-38,-11,-10,-15,-17,0,-16,0,0,0,0,0,0,8,0,0,2,0,11,258,252,296,301,754,740,740,739,918,913,875,875,967,967,967,960,960,960,953,953,1030,1030,1030,1022,1015,953]} 1. Nf3 Nf6 2. c4 e6 3. d4 d5 4. Nc3 Be7 5. Bg5 O-O 6. e3 Nbd7 7. Qc2 Re8 8. Bd3 dxc4 {D61: Queen's Gambit Declined: Classical: 7 Qc2} (8... a6 9. cxd5 exd5 10. O-O c6 11. h3 g6 12. Rab1 {½-½ (12) Berg,K (2432)-Glud,J (2462) Aarhus 2009}) 9. Bxc4 c5 10. dxc5 $146 ({Predecessor:} 10. Rd1 cxd4 11. Rxd4 Qa5 12. O-O a6 13. Rh4 Nf8 14. e4 Ng6 15. Rh3 b5 16. e5 bxc4 17. exf6 gxf6 {1-0 (29) Chin,E (2027)-Richards,D (2002) Kingston 2015}) 10... Qa5 {White has an edge.} 11. O-O (11. c6 $5 bxc6 12. O-O $14) 11... Qxc5 12. Bd3 a6 13. Rac1 b5 14. Qb1 {[#] Nxb5 is the strong threat.} Qb6 15. e4 {Strongly threatening e5.} h6 16. Be3 Qb8 17. h3 Bb7 18. b4 Bd6 19. a4 bxa4 20. Nxa4 {[%cal Bc3a4,Ba4c5,Bc5e6][%mdl 32]} Bf4 21. Bxf4 Qxf4 22. Rfe1 Reb8 23. Rc4 {Black must now prevent e5.} Rc8 $1 {[%cal Rc8c4] next ...Rxc4 is good for Black.} 24. Nc5 $36 {[%mdl 2048] White has the initiative.} Qb8 25. Rec1 Qa7 $2 (25... Nxc5 $11 26. bxc5 Bc6) 26. e5 $18 Bxf3 27. exf6 Bd5 $2 (27... Nxf6 28. gxf3 Rd8) 28. Bh7+ {White is clearly winning.} Kh8 {[#]} 29. Nxe6 $1 {[%csl Ge6][%cal Rf6g7][%mdl 512]} Rg8 (29... Bxe6 30. Rxc8+) 30. Bxg8 {[%csl Gg8][%cal Rb1h7]} Nxf6 31. Rc7 {[%mdl 64] Double Attack} Qb6 32. Bxf7 {Qg6 would kill now.} Bxe6 33. R7c6 Qxc6 34. Rxc6 Bxf7 35. Qf5 Ra7 36. Rxf6 gxf6 37. Qxf6+ Kh7 38. Qb6 {Accuracy: White = 75%, Black = 40%.} 1-0

[Event "14th Poti Open-A 2019"]
[Site "Poti"]
[Date "2019.07.20"]
[Round "9.8"]
[White "Azaryan, Tigran"]
[Black "Tutisani, Noe"]
[Result "0-1"]
[WhiteElo "2064"]
[BlackElo "2460"]
[Annotator "TA"]
[PlyCount "74"]
[EventDate "2019.07.13"]
[EventType "swiss"]
[EventCountry "GEO"]
[SourceTitle "playchess.com"]
[Source "ChessBase"]
[SourceQuality "1"]

{[%evp 14,74,0,-30,-27,-14,0,0,0,3,22,-76,39,37,32,25,29,19,76,45,56,24,68,74,83,21,24,23,24,15,15,0,0,-47,-49,-46,-43,-398,-380,-469,-461,-468,-462,-460,-456,-1747,-890,-850,-816,-1378,-1293,-1202,-1181,-1214,-1156,-2461,-2335,-2841,-1038,-5357,-3158,-2160,-2003]} 1. e4 c5 2. Nc3 e6 3. f4 Nc6 4. Nf3 d5 5. Bb5 Nge7 6. O-O a6 7. Bxc6+ Nxc6 8. d3 Be7 {B23: Closed Sicilian: Lines without g3} 9. Ne5 (9. Kh1 b5 10. Qe1 b4 11. Na4 O-O 12. Be3 Qa5 13. b3 Qb5 14. c4 bxc3 15. Nxc3 Qb7 16. exd5 exd5 17. Nxd5 {1-0 (76) Shabalov,A (2544)-Pichot,A (2552) chess.com INT 2018}) 9... Nxe5 10. fxe5 {Hoping for Qg4.} O-O $146 {The position is equal.} ({Predecessor:} 10... dxe4 11. Nxe4 Qd4+ 12. Kh1 Qxe5 13. Bf4 Qd4 14. Qh5 O-O 15. Be5 Qd8 16. Nf6+ Bxf6 17. Bxf6 gxf6 {½-½ (25) Mrazek,L (2356)-Klima,L (2315) Czech Republic 2019}) 11. Qg4 {aiming for Bh6!} dxe4 12. Be3 (12. Kh1 $11 Qc7 13. Qg3) 12... Qc7 (12... exd3 $17 13. Rad1 Qc7) 13. Qg3 $1 $36 {[%mdl 2048] Black is under pressure.} f5 14. dxe4 Qc6 15. Rad1 {Threatens to win with exf5.} Bd7 (15... Rf7 $11 {keeps the balance.}) 16. Bg5 f4 17. Bxf4 {Bh6! is the strong threat.} c4 {[#]} 18. Bh6 $1 {[%csl Gh6][%cal Rg3g7]} Qc5+ {[#]} 19. Be3 ({White should play} 19. Kh1 $1 $16 {[%csl Gh6][%cal Rg3g7]} Rxf1+ 20. Rxf1) 19... Qc7 $11 20. Ne2 (20. Rfe1 {with more complications.} Rad8 21. Ne2 Bc5 22. Nd4 Qb6 23. Kh1) 20... Rxf1+ 21. Rxf1 Rf8 22. Rxf8+ (22. Rd1 {seems wilder.} Qc6 23. Nf4 Be8 24. Re1 Bc5 25. h4) 22... Bxf8 23. Bd4 Qa5 {[%mdl 1024] Black has compensation.} 24. Nc3 b5 {[%cal Bb7b5,Bb5b4,Bb4b3][%mdl 32]} 25. Qg4 $2 {[%mdl 8192]} (25. Kf2 $1 $15) 25... b4 $19 26. Nd5 {[#] Strongly threatening Nf6+.} b3 $1 {[%cal Ra5e1][%mdl 512] Black is clearly winning.} 27. Nf6+ {[#]} (27. axb3 Qe1#) 27... Kh8 $1 {[%cal Ra5e1][%mdl 512]} 28. Qh4 {[%csl Gf6][%cal Rh4h7]} gxf6 29. exf6 (29. axb3 $142 cxb3 30. cxb3) 29... e5 30. f7 Kg7 31. Qg5+ Kxf7 {[%cal Ra5e1]} 32. Qh5+ {[#]} Ke7 $1 {[%cal Ra5e1]} 33. Qg5+ {[#]} Ke8 $1 {[%cal Ra5e1]} 34. Qh5+ {[#]} Kd8 $1 {[%cal Ra5e1]} 35. Bc3 Qc5+ (35... Qb6+ $142 36. Kh1 bxc2) 36. Kf1 bxa2 37. Qg5+ Qe7 {Accuracy: White = 24%, Black = 61%.} 0-1

[Event "14th Poti Open-A 2019"]
[Site "Poti"]
[Date "2019.07.20"]
[Round "9.9"]
[White "Arabidze, Meri"]
[Black "Matevosyan, Sedrak"]
[Result "1-0"]
[WhiteElo "2402"]
[BlackElo "2185"]
[Annotator "TA"]
[PlyCount "67"]
[EventDate "2019.07.13"]
[EventType "swiss"]
[EventCountry "GEO"]
[SourceTitle "playchess.com"]
[Source "ChessBase"]
[SourceQuality "1"]

{[%evp 23,71,16,29,23,19,9,44,34,35,28,47,50,73,65,104,103,108,109,116,123,220,214,217,220,216,218,217,213,302,239,407,252,493,352,451,460,642,628,930,930,868,558,2120,2052,29978,29979,29978,29978,29980,29981]} 1. d4 Nf6 2. c4 e6 3. Nf3 b6 4. g3 Ba6 5. Qa4 Bb7 6. Bg2 c5 7. dxc5 Bxc5 8. O-O O-O 9. Nc3 Be7 10. Bf4 Na6 11. Rfd1 Nc5 12. Qc2 Qc8 13. Rd4 {E15: Queen's Indian: 4 g3 sidelines, 4 g3 Ba6 and 4 g3 Bb7 early deviations} d5 14. Rc1 Rd8 15. cxd5 {White is slightly better.} exd5 16. Rdd1 Ne6 17. Be5 {[#]} Qc5 $146 ({Predecessor:} 17... Qd7 18. e4 Qe8 19. Bxf6 Bxf6 20. Nxd5 Bxd5 21. exd5 {½-½ (95) Gustafsson,J (2631)-Bosiocic,M (2571) Rogaska Slatina 2009}) 18. e3 Rac8 19. Qb1 Qa5 20. Nd4 Ng4 21. Qf5 {[%mdl 64] [#] Double Attack} Nxe5 (21... Nxd4 $16 22. Qxg4 {[%mdl 64] Double Attack} Ne6) 22. Nxe6 $18 ({Weaker is} 22. Qxe5 Bf6 $11) 22... fxe6 23. Qxe6+ {[%mdl 64] Double Attack} ({Don't play} 23. Qxe5 $6 Bf6 $16) 23... Kf8 {...Bf6 is the strong threat.} 24. Qxe5 Bf6 25. Qf5 h6 (25... d4 $142 26. Qxa5 bxa5) 26. Qh7 Rc7 $2 (26... Qb4 27. Rb1 Qg4 28. Nxd5 (28. Bxd5 Bxd5 29. Nxd5 Qf3 $18) 28... Qh5) 27. Rc2 Rcd7 $2 (27... d4 {was called for.} 28. Bxb7 Rxb7) 28. Rcd2 Qc5 29. Ne2 Kf7 30. Nf4 Rd6 31. Rc2 Qb5 32. Bh3 {aiming for Rc7+.} Be7 33. Rc7 Bc6 {[#]} 34. Bg4 {Played: Rc7xe7} 1-0

[Event "14th Poti Open-A 2019"]
[Site "Poti"]
[Date "2019.07.20"]
[Round "9.10"]
[White "Eynullayev, Atilla"]
[Black "Gharibyan, Mamikon"]
[Result "0-1"]
[WhiteElo "2228"]
[BlackElo "2350"]
[Annotator "ChessBase"]
[PlyCount "74"]
[EventDate "2019.07.13"]
[EventType "swiss"]
[EventCountry "GEO"]
[SourceTitle "playchess.com"]
[Source "ChessBase"]
[SourceQuality "1"]
[TimeControl "40/5400+30:1800+30"]

1. d4 {[%emt 0:00:00]} e6 {[%emt 0:00:39]} 2. c4 {[%emt 0:00:00]} c5 {[%emt 0:03:55]} 3. d5 {[%emt 0:02:25]} exd5 {[%emt 0:00:27]} 4. cxd5 {[%emt 0:00:07]} d6 {[%emt 0:01:16]} 5. Nc3 {[%emt 0:00:55]} a6 {[%emt 0:01:20]} 6. a4 {[%emt 0:00:30]} g6 {[%emt 0:00:30]} 7. Nf3 {[%emt 0:02:33]} Bg7 {[%emt 0:00:41]} 8. g3 {[%emt 0:00:47]} Nh6 {[%emt 0:02:58]} 9. Bg2 {[%emt 0:02:22]} O-O {[%emt 0:00:47]} 10. O-O {[%emt 0:01:50]} Nd7 {[%emt 0:00:45]} 11. Bf4 {[%emt 0:06:42]} Qe7 {[%emt 0:02:59]} 12. e4 {[%emt 0:05:00]} Ng4 {[%emt 0:02:25]} 13. Bg5 {[%emt 0:01:05]} f6 {[%emt 0:15:44]} 14. Bc1 {[%emt 0:11:36]} Nde5 {[%emt 0:20:05]} 15. Nxe5 {[%emt 0:01:09]} Nxe5 {[%emt 0:08:13]} 16. f4 {[%emt 0:03:44]} Nf7 {[%emt 0:00:01]} 17. Bd2 {[%emt 0:03:40]} f5 {[%emt 0:03:27]} 18. Re1 {[%emt 0:02:03]} Qf6 {[%emt 0:04:24]} 19. Rb1 {[%emt 0:22:54]} Bd7 {[%emt 0:06:11]} 20. Be3 {[%emt 0:07:00]} Rfe8 {[%emt 0:04:16]} 21. exf5 {[%emt 0:08:31]} Bxf5 {[%emt 0:04:26]} 22. Rc1 {[%emt 0:02:01]} g5 {[%emt 0:00:50]} 23. Qd2 {[%emt 0:04:23]} gxf4 {[%emt 0:00:30]} 24. Bxf4 {[%emt 0:00:30]} Ne5 {[%emt 0:00:30]} 25. Ne4 {[%emt 0:00:30]} Qg6 26. Re2 Re7 {[%emt 0:07:54]} 27. Bg5 {[%emt 0:04:35]} Rf7 {[%emt 0:00:29]} 28. Bf4 {[%emt 0:00:38]} Re7 {[%emt 0:01:39]} 29. Bg5 {[%emt 0:00:37]} Rc7 {[%emt 0:01:15]} 30. Rf1 {[%emt 0:02:40]} Rf8 {[%emt 0:00:27]} 31. h3 {[%emt 0:00:53]} Rcf7 {[%emt 0:00:37]} 32. Bf4 {[%emt 0:02:51]} h6 {[%emt 0:03:38]} 33. Nxc5 {[%emt 0:01:19]} Nc4 {[%emt 0:00:15]} 34. Qc1 {[%emt 0:00:06]} dxc5 {[%emt 0:00:53]} 35. Qxc4 {[%emt 0:00:07]} Bd3 {[%emt 0:00:12]} 36. Re6 {[%emt 0:00:10]} Qxg3 {[%emt 0:00:52]} 37. Qb3 {[%emt 0:01:44]} Rxf4 {[%emt 0:00:45]} 0-1

[Event "14th Poti Open-A 2019"]
[Site "Poti"]
[Date "2019.07.20"]
[Round "9.11"]
[White "Chkhaidze, Nikoloz"]
[Black "Yeritsyan, Hayk"]
[Result "1/2-1/2"]
[WhiteElo "2330"]
[BlackElo "2210"]
[Annotator "NA"]
[PlyCount "92"]
[EventDate "2019.07.13"]
[EventType "swiss"]
[EventCountry "GEO"]
[SourceTitle "playchess.com"]
[Source "ChessBase"]
[SourceQuality "1"]
[TimeControl "40/5400+30:1800+30"]

1. d4 {[%emt 0:00:00]} Nf6 {[%emt 0:01:06]} 2. c4 {[%emt 0:00:00]} c5 {[%emt 0:00:20]} 3. d5 {[%emt 0:00:00]} b5 {[%emt 0:00:09]} 4. Nf3 {[%emt 0:00:03]} g6 {[%emt 0:00:19]} 5. e4 {[%emt 0:04:48]} d6 {[%emt 0:04:24]} 6. cxb5 {[%emt 0:00:58]} Bg7 {[%emt 0:03:54]} 7. Nc3 {[%emt 0:01:00]} a6 {[%emt 0:00:17]} 8. a4 {[%emt 0:02:42]} O-O {[%emt 0:00:08]} 9. Bf4 {[%emt 0:07:05] A57: Benko/Volga Gambit} (9. Bd2 Nbd7 10. Be2 axb5 11. axb5 Bb7 12. O-O Nb6 13. Qc2 Qd7 14. h3 e6 15. dxe6 Qxe6 16. Rxa8 Rxa8 {0-1 (70) Karjakin,S (2783)-Nepomniachtchi,I (2751) chess.com INT 2017}) 9... Qa5 {[%emt 0:04:25]} 10. Qd2 {[%emt 0:05:30]} Qb4 $146 {[%emt 0:02:50]} ({Predecessor:} 10... axb5 11. Bxb5 Nxe4 12. Nxe4 Qxb5 13. axb5 Rxa1+ 14. Ke2 Rxh1 15. Ne1 Nd7 {1-0 (39) Rauk,T (2200)-Shlokov,V (2277) Tallinn 2006}) 11. e5 {[%emt 0:08:04]} Nh5 {[%emt 0:11:30]} 12. Bg5 {[%emt 0:04:38]} dxe5 {[%emt 0:07:25]} 13. Bxe7 {[%emt 0:02:34]} Re8 {[%emt 0:00:09]} 14. d6 {[%emt 0:07:36]} Nd7 {[%emt 0:06:58]} 15. bxa6 {[%emt 0:12:40]} Rxa6 {[%emt 0:08:35]} 16. Bb5 {[%emt 0:04:49]} Nf4 {[%emt 0:07:31]} 17. g3 {[%emt 0:12:11]} e4 {[%emt 0:01:42]} 18. gxf4 {[%emt 0:05:10]} exf3 {[%emt 0:00:35]} 19. O-O {[%emt 0:03:08]} Be5 {[%emt 0:03:51]} 20. Kh1 {[%emt 0:04:19]} Bxf4 {[%emt 0:00:41]} 21. Qd3 {[%emt 0:05:14]} Bxh2 {[%emt 0:04:42]} 22. Bxd7 Rxe7 {[%emt 0:18:06]} 23. dxe7 {[%emt 0:04:18]} Qh4 {[%emt 0:01:36]} 24. e8=Q+ {[%emt 0:01:14]} Kg7 {[%emt 0:00:01]} 25. Qxf7+ {[%emt 0:01:04]} Kxf7 {[%emt 0:00:04]} 26. Qxf3+ {[%emt 0:00:15]} Bf4+ {[%emt 0:00:30]} 27. Qh3 {[%emt 0:00:18]} Qxh3+ {[%emt 0:00:09]} 28. Bxh3 {[%emt 0:00:03]} Bxh3 {[%emt 0:00:01]} 29. Rfd1 {[%emt 0:00:58]} Bg4 {[%emt 0:00:45]} 30. Rd3 {[%emt 0:01:23]} c4 {[%emt 0:00:06]} 31. Rd4 {[%emt 0:02:54]} Bf3+ {[%emt 0:00:07]} 32. Kg1 {[%emt 0:00:01]} g5 {[%emt 0:00:04]} 33. Kf1 {[%emt 0:00:57]} Rh6 {[%emt 0:00:11]} 34. Rxf4+ {[%emt 0:00:18]} gxf4 {[%emt 0:00:04]} 35. Ne2 {[%emt 0:00:08]} Rh1+ {[%emt 0:00:44]} 36. Ng1 {[%emt 0:00:01]} h5 {[%emt 0:00:04]} 37. Ra3 {[%emt 0:00:28]} Ba8 {[%emt 0:01:05]} 38. Rh3 {[%emt 0:00:55]} Rxh3 {[%emt 0:00:15]} 39. Nxh3 {[%emt 0:00:01]} f3 {[%emt 0:00:12]} 40. Kg1 {[%emt 0:00:00]} Ke6 {[%emt 0:00:00]} 41. Kh2 {[%emt 0:11:25]} Kd6 {[%emt 0:06:32]} 42. Kg3 {[%emt 0:03:26]} Kc5 {[%emt 0:00:09]} 43. Ng5 {[%emt 0:05:02]} h4+ {[%emt 0:04:08]} 44. Kf4 {[%emt 0:00:35]} Kb4 {[%emt 0:00:35]} 45. Nxf3 {[%emt 0:00:32]} h3 {[%emt 0:00:15]} 46. Kg3 $11 {[%emt 0:03:12]} Bxf3 {[%emt 0:05:49]} 1/2-1/2

[Event "14th Poti Open-A 2019"]
[Site "Poti"]
[Date "2019.07.20"]
[Round "9.12"]
[White "Mustafayev, Farid"]
[Black "Manafov, Vugar"]
[Result "1/2-1/2"]
[WhiteElo "2289"]
[BlackElo "2175"]
[Annotator "NA"]
[PlyCount "92"]
[EventDate "2019.07.13"]
[EventType "swiss"]
[EventCountry "GEO"]
[SourceTitle "playchess.com"]
[Source "ChessBase"]
[SourceQuality "1"]
[TimeControl "40/5400+30:1800+30"]

1. e4 {[%emt 0:00:00]} Nf6 {[%emt 0:00:00]} 2. e5 {[%emt 0:00:00]} Nd5 {[%emt 0:00:00]} 3. d4 {[%emt 0:00:00]} d6 {[%emt 0:00:00]} 4. Nf3 {[%emt 0:00:00]} Nb6 {[%emt 0:00:00]} 5. Be2 {[%emt 0:00:05]} g6 {[%emt 0:00:00]} 6. O-O {[%emt 0:00:07]} Bg7 {[%emt 0:00:00]} 7. a4 {[%emt 0:00:25]} a5 {[%emt 0:00:00]} 8. exd6 {[%emt 0:00:36]} cxd6 {[%emt 0:00:00]} 9. Nc3 {[%emt 0:00:13]} O-O {[%emt 0:00:00]} 10. Be3 {[%emt 0:01:28]} Na6 {[%emt 0:01:41]} 11. Qd2 {[%emt 0:02:39]} Bg4 {[%emt 0:01:53]} 12. b3 {[%emt 0:03:05]} Nb4 {[%emt 0:01:47]} 13. Nb5 {[%emt 0:03:59]} Rc8 {[%emt 0:01:42]} 14. c3 {[%emt 0:09:08]} N4d5 {[%emt 0:00:07]} 15. Bg5 {[%emt 0:01:36]} f6 {[%emt 0:05:27]} 16. Bh4 {[%emt 0:05:31]} e5 {[%emt 0:01:24]} 17. h3 {[%emt 0:08:07]} Be6 {[%emt 0:00:24]} 18. Bg3 {[%emt 0:05:27]} Qe7 {[%emt 0:05:38]} 19. Rfe1 {[%emt 0:04:12]} Rfd8 {[%emt 0:02:50]} 20. Bf1 {[%emt 0:04:43]} Kh8 {[%emt 0:01:38]} 21. Rad1 {[%emt 0:01:37]} Nc7 {[%emt 0:02:21]} 22. c4 {[%emt 0:05:14]} Nxb5 {[%emt 0:00:54]} 23. axb5 {[%emt 0:00:05]} a4 {[%emt 0:01:16]} 24. Qa5 {[%emt 0:01:14]} Qc7 {[%emt 0:08:42]} 25. c5 {[%emt 0:00:56]} dxc5 {[%emt 0:02:21]} 26. dxe5 {[%emt 0:00:05]} fxe5 {[%emt 0:00:02]} 27. Rxd8+ {[%emt 0:14:59]} Qxd8 {[%emt 0:00:06]} 28. bxa4 {[%emt 0:01:24]} Ra8 {[%emt 0:00:46]} 29. Qc3 {[%emt 0:00:19]} Nxa4 {[%emt 0:01:00]} 30. Qe3 {[%emt 0:00:06]} Bg8 {[%emt 0:01:11]} 31. Bxe5 {[%emt 0:01:39]} Qf8 {[%emt 0:01:43]} 32. Ra1 {[%emt 0:06:17]} Bd5 {[%emt 0:04:36]} 33. Rd1 {[%emt 0:03:45]} Nb6 {[%emt 0:01:42]} 34. Bxg7+ {[%emt 0:04:28]} Qxg7 {[%emt 0:00:02]} 35. Qxc5 {[%emt 0:00:11]} Bxf3 {[%emt 0:00:04]} 36. gxf3 {[%emt 0:00:23]} Nd7 {[%emt 0:00:19]} 37. Qd5 {[%emt 0:03:58]} Nf6 {[%emt 0:01:21]} 38. Qd6 {[%emt 0:00:15]} Rf8 {[%emt 0:01:23]} 39. Rc1 {[%emt 0:01:23]} h6 {[%emt 0:01:13]} 40. Rc7 {[%emt 0:00:00]} Rf7 {[%emt 0:00:00]} 41. b6 {[%emt 0:02:57]} Kh7 {[%emt 0:01:00]} 42. Rxf7 {[%emt 0:00:23]} Qxf7 {[%emt 0:00:02]} 43. Qc7 {[%emt 0:00:05]} Qg7 {[%emt 0:00:35]} 44. Bc4 {[%emt 0:03:18]} Ne8 {[%emt 0:00:58]} 45. Qd8 {[%emt 0:02:19]} Qe5 {[%emt 0:01:23]} 46. Bd5 {[%emt 0:02:36]} Qd6 {[%emt 0:01:13]} 1/2-1/2

[Event "14th Poti Open-A 2019"]
[Site "Poti"]
[Date "2019.07.20"]
[Round "9.13"]
[White "Botoyan, Smbat"]
[Black "Eynullayev, Altay"]
[Result "1/2-1/2"]
[WhiteElo "2240"]
[BlackElo "2188"]
[Annotator "NA"]
[PlyCount "59"]
[EventDate "2019.07.13"]
[EventType "swiss"]
[EventCountry "GEO"]
[SourceTitle "playchess.com"]
[Source "ChessBase"]
[SourceQuality "1"]
[TimeControl "40/5400+30:1800+30"]

1. e4 {[%emt 0:13:51]} c5 {[%emt 0:00:00]} 2. Nf3 {[%emt 0:00:02]} d6 {[%emt 0:00:00]} 3. Nc3 {[%emt 0:00:07]} Nf6 {[%emt 0:00:00]} 4. d4 {[%emt 0:00:35]} cxd4 {[%emt 0:00:00]} 5. Nxd4 {[%emt 0:00:00]} a6 {[%emt 0:00:00]} 6. Bg5 {[%emt 0:00:14]} Nbd7 {[%emt 0:00:07]} 7. Bc4 {[%emt 0:00:06]} Qb6 {[%emt 0:00:05]} 8. O-O {[%emt 0:01:01]} e6 {[%emt 0:00:04]} 9. Bb3 {[%emt 0:07:53]} Be7 {[%emt 0:01:40]} 10. Bxe6 {[%emt 0:01:00]} fxe6 {[%emt 0:03:49]} 11. Nxe6 {[%emt 0:00:47]} Kf7 {[%emt 0:23:52]} 12. Nd5 {[%emt 0:01:41]} Nxd5 {[%emt 0:15:25]} 13. exd5 {[%emt 0:16:13]} Nf6 {[%emt 0:02:32]} 14. Re1 {[%emt 0:06:23]} Bxe6 {[%emt 0:08:46]} 15. dxe6+ {[%emt 0:03:25]} Ke8 {[%emt 0:00:09]} 16. Bxf6 {[%emt 0:01:15]} Bxf6 {[%emt 0:02:38]} 17. e7 {[%emt 0:07:32]} Kd7 {[%emt 0:17:57]} 18. c4 {[%emt 0:01:49]} Kc7 {[%emt 0:03:38]} 19. Re6 {[%emt 0:12:24]} Qd4 {[%emt 0:05:12]} 20. Qe1 {[%emt 0:07:13]} Rae8 {[%emt 0:00:29]} 21. Rd1 {[%emt 0:01:03]} Qxb2 {[%emt 0:01:20]} 22. c5 {[%emt 0:06:16]} dxc5 23. Rb1 Qd4 {[%emt 0:07:03]} 24. Qa5+ {[%emt 0:03:35]} Kd7 {[%emt 0:01:30]} 25. Ree1 {[%emt 0:00:40]} Kc8 {[%emt 0:00:32]} 26. Qb6 {[%emt 0:04:06]} Qd5 {[%emt 0:01:43]} 27. Qa7 {[%emt 0:02:15]} Bxe7 {[%emt 0:02:41]} 28. Red1 {[%emt 0:02:01]} Qc6 {[%emt 0:00:41]} 29. Rb6 {[%emt 0:00:26]} Qc7 {[%emt 0:00:49]} 30. Qa8+ {[%emt 0:00:32]} 1/2-1/2

[Event "14th Poti Open-A 2019"]
[Site "Poti"]
[Date "2019.07.20"]
[Round "9.14"]
[White "Melkonyan, Vardan"]
[Black "Tereladze, Sopiko"]
[Result "1/2-1/2"]
[WhiteElo "2232"]
[BlackElo "2144"]
[Annotator "NA"]
[PlyCount "59"]
[EventDate "2019.07.13"]
[EventType "swiss"]
[EventCountry "GEO"]
[SourceTitle "playchess.com"]
[Source "ChessBase"]
[SourceQuality "1"]
[TimeControl "40/5400+30:1800+30"]

1. e4 {[%emt 0:00:00]} e5 {[%emt 0:11:48]} 2. Nf3 {[%emt 0:00:00]} Nc6 3. Bb5 a6 {[%emt 0:00:50]} 4. Bxc6 {[%emt 0:00:00]} dxc6 {[%emt 0:00:06]} 5. O-O {[%emt 0:00:04]} Bd6 {[%emt 0:00:21]} 6. d3 {[%emt 0:01:43]} f6 {[%emt 0:03:57]} 7. Nbd2 {[%emt 0:01:22]} Bg4 {[%emt 0:02:28]} 8. Nc4 {[%emt 0:03:03]} Ne7 {[%emt 0:00:39]} 9. Bd2 {[%emt 0:06:26]} Qd7 {[%emt 0:02:22]} 10. b4 {[%emt 0:00:22]} O-O {[%emt 0:01:35]} 11. Ne3 {[%emt 0:03:06]} Bxf3 {[%emt 0:03:30]} 12. Qxf3 {[%emt 0:00:07]} c5 {[%emt 0:00:16]} 13. a3 {[%emt 0:01:10]} Nc6 {[%emt 0:11:52]} 14. c3 {[%emt 0:05:08]} cxb4 {[%emt 0:02:48]} 15. axb4 {[%emt 0:00:06]} a5 {[%emt 0:00:59]} 16. bxa5 {[%emt 0:05:03]} Nxa5 {[%emt 0:01:01]} 17. Rfb1 {[%emt 0:09:39]} b6 {[%emt 0:07:12]} 18. Nd5 {[%emt 0:16:46]} Nc6 {[%emt 0:04:54]} 19. Be3 {[%emt 0:10:55]} Ne7 {[%emt 0:01:56]} 20. c4 {[%emt 0:03:11]} Nxd5 {[%emt 0:01:40]} 21. cxd5 {[%emt 0:00:42]} Rxa1 {[%emt 0:05:34]} 22. Rxa1 {[%emt 0:00:05]} f5 {[%emt 0:01:34]} 23. exf5 {[%emt 0:02:21]} Qxf5 {[%emt 0:00:58]} 24. Qe4 {[%emt 0:01:24]} Qf7 {[%emt 0:03:57]} 25. g3 {[%emt 0:04:30]} b5 {[%emt 0:09:24]} 26. Kg2 {[%emt 0:02:11]} b4 {[%emt 0:00:58]} 27. Rb1 {[%emt 0:00:49]} Rb8 {[%emt 0:00:12]} 28. Qc4 {[%emt 0:02:26]} Qd7 {[%emt 0:03:16]} 29. Bc5 {[%emt 0:02:10]} Bxc5 {[%emt 0:01:00]} 30. Qxc5 {[%emt 0:00:02]} 1/2-1/2

[Event "14th Poti Open-A 2019"]
[Site "Poti"]
[Date "2019.07.20"]
[Round "9.15"]
[White "Buniatyan, David"]
[Black "Shmavonyan, Areg"]
[Result "0-1"]
[WhiteElo "2014"]
[BlackElo "2207"]
[Annotator "ChessBase"]
[PlyCount "87"]
[EventDate "2019.07.13"]
[EventType "swiss"]
[EventCountry "GEO"]
[SourceTitle "playchess.com"]
[Source "ChessBase"]
[SourceQuality "1"]
[TimeControl "40/5400+30:1800+30"]

1. e4 {[%emt 0:00:00]} e5 {[%emt 0:00:00]} 2. f4 {[%emt 0:00:10]} d5 {[%emt 0:00:11]} 3. exd5 {[%emt 0:00:22]} exf4 {[%emt 0:00:19]} 4. Nf3 {[%emt 0:00:20]} Nf6 {[%emt 0:00:17]} 5. Bc4 {[%emt 0:00:28]} Bd6 {[%emt 0:07:23]} 6. d4 {[%emt 0:00:54]} Qe7+ {[%emt 0:07:00]} 7. Ne5 {[%emt 0:18:32]} Bg4 {[%emt 0:23:50]} 8. Qd2 {[%emt 0:30:39]} Bxe5 {[%emt 0:02:36]} 9. dxe5 {[%emt 0:01:02]} Qxe5+ {[%emt 0:00:10]} 10. Kf1 {[%emt 0:00:25]} f3 {[%emt 0:06:19]} 11. Qf4 {[%emt 0:07:44]} Nbd7 {[%emt 0:00:59]} 12. h3 {[%emt 0:02:44]} fxg2+ {[%emt 0:11:25]} 13. Kxg2 {[%emt 0:00:04]} Bf5 {[%emt 0:00:39]} 14. Nc3 {[%emt 0:07:57]} O-O-O {[%emt 0:02:33]} 15. Be3 {[%emt 0:02:40]} Qxf4 {[%emt 0:02:08]} 16. Bxf4 {[%emt 0:00:03]} Nb6 {[%emt 0:00:23]} 17. Bb3 {[%emt 0:00:53]} Nbxd5 {[%emt 0:00:44]} 18. Nxd5 {[%emt 0:00:25]} Be4+ {[%emt 0:02:05]} 19. Kf2 {[%emt 0:00:30]} Bxd5 {[%emt 0:02:17]} 20. Rhg1 {[%emt 0:00:30]} Rhg8 {[%emt 0:03:19]} 21. Be5 {[%emt 0:02:30]} Bxb3 {[%emt 0:01:31]} 22. axb3 {[%emt 0:01:42]} a6 {[%emt 0:01:43]} 23. Bxf6 {[%emt 0:02:41]} gxf6 {[%emt 0:00:05]} 24. Rxg8 {[%emt 0:00:48]} Rxg8 {[%emt 0:00:05]} 25. Ra4 {[%emt 0:00:01]} Rg6 {[%emt 0:04:30]} 26. Rd4 {[%emt 0:00:44]} c6 {[%emt 0:04:54]} 27. Re4 {[%emt 0:01:13]} f5 {[%emt 0:04:49]} 28. Rc4 {[%emt 0:00:30]} Rd6 {[%emt 0:00:30]} 29. Rc5 {[%emt 0:00:30]} Rd2+ {[%emt 0:00:30]} 30. Kf3 {[%emt 0:00:30]} Kd7 31. h4 {[%emt 0:01:58]} Ke7 {[%emt 0:01:00]} 32. Kf4 {[%emt 0:00:27]} f6 {[%emt 0:01:31]} 33. Kxf5 {[%emt 0:07:04]} Rd5+ {[%emt 0:01:16]} 34. Rxd5 {[%emt 0:00:02]} cxd5 {[%emt 0:00:09]} 35. c4 {[%emt 0:05:30]} dxc4 {[%emt 0:00:32]} 36. bxc4 {[%emt 0:00:01]} a5 {[%emt 0:01:08]} 37. c5 {[%emt 0:01:00]} a4 {[%emt 0:00:42]} 38. h5 {[%emt 0:00:00]} Kf7 {[%emt 0:00:00]} 39. Kf4 {[%emt 0:00:00]} Ke6 {[%emt 0:00:00]} 40. Ke4 {[%emt 0:00:00]} f5+ {[%emt 0:00:00]} 41. Kd4 {[%emt 0:05:14]} h6 {[%emt 0:03:47]} 42. Kc4 {[%emt 0:00:11]} Ke5 {[%emt 0:06:29]} 43. Kb5 {[%emt 0:00:25]} f4 {[%emt 0:00:21]} 44. Kb6 {[%emt 0:00:17]} 0-1